000 00604nam a22002177a 4500
005 20251108165937.0
008 250721s2002 xx 000 0 ara d
082 1 4 _a370.15/ك
100 1 _aالكسواني، مصطفى
245 1 0 _aطرق دراسة الطفل /
264 1 _aعمان :
_bدار الصفاء،
_c2002.
300 _a189ص
650 1 7 _aنمو الطفل
650 1 7 _aطرق الدراسة
650 1 7 _aالنضج
650 1 7 _aالذكاء
700 1 _aالشناوي، محمد
700 1 _aأبو الرب، يوسف أحمد
942 _2ddc
_cBK
999 _c35515
_d35515